000 00270nam a2200109Ia 4500
008 190216s9999||||xx |||||||||||||| ||und||
100 _aHarnan Singh El En More
245 0 _aKalisambathum Kozhivalarthalum
260 _bBhasha Institute
650 _aBotany
942 _cBK
999 _c40356
_d40356